Score 0/25 Timer 05:00
0 Plays Today
% Correct
Friends
93.5%
Family Guy
88.7%
Game of Thrones
83.9%
Doctor Who
80.6%
NCIS
77.4%
American Dad
75.8%
Cougar Town
75.8%
CSI
59.7%
NCIS Los Angeles
58.1%
Hawaii Five 0
51.6%
Bull
50%
CSI New York
50%
Criminal Minds
46.8%
% Correct
Bones
45.2%
Torchwood
45.2%
Broadchurch
38.7%
Mrs Browns Boys
32.3%
Call the Midwife
30.6%
Coronation Street
29%
Heartbeat
24.2%
Death in Paradise
22.6%
MacGyver
21%
Vera
19.4%
Casualty
14.5%
Slient Witness
6.5%

You're not logged in!

Compare scores with friends on all Sporcle quizzes.
OR
Log In

Sporcle TV

Today on Sporcle TV


Watch our educational content, quiz creation guides, and fun videos on Sporcle TV.

Show Comments

Extras

Created Jun 12, 2017ReportNominate
Tags:Show Quiz, Character

Top Quizzes Today


Score Distribution

Paid Content

Your Account Isn't Verified!

In order to create a playlist on Sporcle, you need to verify the email address you used during registration. Go to your Sporcle Settings to finish the process.

Report this User

Report this user for behavior that violates our Community Guidelines.

Details: